Statystyki dla najczęstsze finały pucharu polski

Kliknij tutaj aby rozwiązać quiz!

Ogólne statystyki

  • Ten quiz został rozwiązany 9 razy
  • Średni wynik to 1 z 5

Statystyki odpowiedzi

ilośćfinał% Poprawnych
6legia warszawa lech poznań
63%
4legia warszawa górnik zabrze
50%
2górnik zabrze zagłębie sosnowiec
0%
4legia warszawa gks katowice
0%
2legia warszawa polonia bytom
0%

Rozkład punktacji

Percentyl według liczby udzielonych odpowiedzi

Procent ludzi z każdym wynikiem

Twoja historia wyników

Nie rozwiązałeś tego quizu